000 00569nam a22002297a 4500
003 LK-CoDNM
005 20250128151513.0
008 250128b |||||||| |||| 00| 0 eng d
040 _aLK-CoDNM
_dLK-CoDNM
_eLK-CoDNM
041 _aeng
080 _a13
_bM5
100 _aRobert W. Taliaferro, Robert W. Hegner
245 _aHuman Protozoology
260 _aNew York
_bThe Macmillan Company
_g1924
300 _axix, 597p. : ill ; 19 cm
650 _aScience
650 _aHuman
650 _aZoology
650 _aAnimals
650 _aGenus
942 _cBK
999 _c237526
_d237526